Strzelcy Premier League w klubach 2017/18 - Statystyki

Ogólne statystyki
  • Ten quiz został rozwiązany 46 razy
  • Średni wynik to 11 z 20
Statystyki odpowiedzi
Klub Narodowość # Nazwisko % Poprawnych
Tottenham Hotspur Anglia 30 Harry Kane
98%
Liverpool Egipt 32 Mohamed Salah
98%
Manchester City Argentyna 21 Sergio Agüero
98%
Manchester United Belgia 16 Romelu Lukaku
95%
Leicester City Anglia 20 Jamie Vardy
91%
Chelsea Belgia 12 Eden Hazard
86%
Arsenal Francja 14 Alexandre Lacazette
75%
West Ham United Austria 11 Marko Arnautović
70%
Burnley Nowa Zelandia 10 Chris Wood
68%
Stoke City Szwajcaria 8 Xherdan Shaqiri
68%
Swansea City Ghana 7 Jordan Ayew
52%
Bournemouth Norwegia/Anglia 8 Joshua King/Callum Wilson
52%
West Bromwich Albion Anglia/Wenezuela 7 Jay Rodríguez/Salomón Rondón
39%
Crystal Palace Serbia 10 Luka Milivojević
34%
Everton Anglia 10 Wayne Rooney
32%
Newcastle United Hiszpania 8 Ayoze Pérez
27%
Brighton Anglia 12 Glenn Murray
16%
Watford Mali 7 Abdoulaye Doucouré
14%
Southampton Anglia 7 Charlie Austin
14%
Huddersfield Benin 7 Steve Mounié
14%
Nie znaleziono quizów pasujących do podanych kryteriów
Rozkład punktacji
Procent ludzi z każdym wynikiem
Percentyl według liczby udzielonych odpowiedzi
Twoja historia wyników
Nie rozwiązałeś tego quizu